Evénements du 3 novembre - Statistiques

Statistiques générales
  • Ce quiz a été pris 34 fois
  • Le résultat moyen est 6 sur 15
Statistiques - réponses
Hint Réponse % Correct
Bill Clinton est élu président des Etats-Unis 1992
84%
Franklin Delano Roosevelt est élu président des Etats-Unis 1936
76%
Fondation de l'université de Barcelone 1450
60%
1ère du feuilleton Thierry la Fronde 1963
52%
Mort du cinéaste Marc Allégret 1973
52%
Pillage de Liège par les troupes de Charles le Téméraire 1468
48%
Naissance de Benvenuto Cellini 1500
48%
Inauguration du siège de l'UNESCO à Paris 1958
44%
Mort de l'acteur Claude Giraud 2020
32%
Indépendance de la Dominique 1978
28%
Naissances du roi des Belges Léopold III ET d'André Malraux 1901
24%
SOS est adopté comme signal de détresse international 1906
24%
Mort du sculpteur François Rude 1855
20%
Naissance de l'acteur Pierre Richard-Willm 1895
16%
Indépendance du Panama 1903
12%
Aucun quiz correspondant
Distribution des résultats
% des personnes avec chaque résultat
Percentile par nombre de réponses
Votre historique - résultats
Vous n’avez pas pris ce quiz